Tajomstvá nesmrteľného Nicholasa Flamela 6: Vedma /
Flamelovcom zostáva už len jeden deň života a pred sebou majú poslednú úlohu – ubrániť San Francisco. Príšery z Alcatrazu totiž smerujú na mesto a ak ich nezastavia, zničia úplne všetko. Newmanovci sa vrátili desaťtisíc rokov do minulosti do Danu Talis. A práve na tomto legendárnom ostrove sa začína...
Uloženo v:
| Série: | Tajomstvá nesmrteľného Nicholasa Flamela,
část 6 |
|---|---|
| Hlavní autor: | |
| Médium: | E-kniha |
| Jazyk: | Czech |
| Vydáno: |
Praha :
Albatros Media Slovakia s.r.o.,
2024
|
| Příbuzné jednotky: | Z cyklu::
Tajomstvá nesmrteľného Nicholasa Flamela |
| Tagy: |
Žádné tagy |
| LEADER | 01731nam a22002417i 4500 | ||
|---|---|---|---|
| 001 | 302664 | ||
| 007 | ta | ||
| 008 | 260514s2024 xr ||||| |||| 00| 0 cze d | ||
| 020 | |a 9788056641811 | ||
| 044 | |a xr | ||
| 100 | 1 | |a Scott, Michael |4 aut | |
| 245 | 1 | 0 | |a Tajomstvá nesmrteľného Nicholasa Flamela 6: Vedma / |c Scott, Michael |
| 240 | 1 | 0 | |a The Enchantress: The Secrets of the Immortal Nicholas Flamel |
| 264 | 1 | |a Praha : |b Albatros Media Slovakia s.r.o., |c 2024 | |
| 300 | |a 1 online zdroj (496 stran) | ||
| 336 | |a text |b txt |2 rdacontent | ||
| 337 | |a bez média |b n |2 rdamedia | ||
| 338 | |a online zdroj |b cr |2 rdacarrier | ||
| 520 | 2 | |a Flamelovcom zostáva už len jeden deň života a pred sebou majú poslednú úlohu – ubrániť San Francisco. Príšery z Alcatrazu totiž smerujú na mesto a ak ich nezastavia, zničia úplne všetko. Newmanovci sa vrátili desaťtisíc rokov do minulosti do Danu Talis. A práve na tomto legendárnom ostrove sa začína a končí bitka o záchranu sveta. Nikto však netuší, na čiu stranu sa pridajú dvojčatá. Budú stáť pri sebe alebo sa každý postaví na inú stranu – jeden bude chcieť svet zachrániť a druhý zničiť? | |
| 787 | 0 | 8 | |g 6 |i Z cyklu: |t Tajomstvá nesmrteľného Nicholasa Flamela |
| 910 | |a RBIT002 | ||
| 998 | |d 426846 |a https://core.palmknihy.cz/api/books/426846/cover?tesggv |b https://core.palmknihy.cz/api/books/426846/cover/400?tesggv |c https://core.palmknihy.cz/api/books/426846/cover/50?tesggv |e 2029-07-31 |g 496 |i 9788056641811 |j https://core.palmknihy.cz/api/books/426846/preview.epub |k https://core.palmknihy.cz/api/books/426846/preview.pdf |l |q 49 |r 1 |s https://www.palmknihy.cz/kniha/426846 |t ebook |y 2024 |z 1 |v Tajomstvá nesmrteľného Nicholasa Flamela |w 6 | ||
| 999 | |d 302662 | ||